| 000 | 00970nam a2200193 a 4500 | ||
|---|---|---|---|
| 001 | 43716 | ||
| 005 | 20180714022329.0 | ||
| 008 | 140415s1999 mx 000 0 spa d | ||
| 020 | _a9706401377 | ||
| 041 | _aspa | ||
| 082 |
_a725.1 _bGON |
||
| 100 | 1 | _aGonzález de León, Teodoro,. | |
| 245 | 1 | 0 | _aARQUITECTURA Y POLITICA |
| 250 | _a1a ed. | ||
| 260 |
_aMEXICO : _bEL COLEGIO NACIONAL, _c1999 |
||
| 300 |
_a46 _c14.4 x 0.4 x 21.4 |
||
| 520 | _aLO QUE SIGUE ES POCO MAS QUE UNA SERIE DE PENSAMIENTOS EN VOZ ALTA, MAS O MENOS DESORDENADOS, SOBRE LA RELACION ENTRE LA ARQUITECTURA Y LA POLITICA. LA ARQUITECTURA ES UN ARTE, QUE COMO TAL, SU TIEMPO NO ES EL DE LA POLITICA. EL TIEMPO DE LA ARQUITECTURA ES UN TIEMPO LARGO, EL DE LA POLITICA ES MAS INMEDIATO. LA POLITICA NO CREA UNA EXPRESION ARQUITECTONICA PERO SI PUEDE PROHIBIRLA Y SUPRIMIRLA. | ||
| 650 | 1 | 4 |
_aARQUITECTURA MODERNA _xSIGLO XX _xMEXICO _xARQUITECTURA _xAMERICA _xEDIFICIOS GUBERNAMENTALES |
| 999 |
_c43716 _d43716 |
||